00000000nam##2200000za#4500
0019.619192
003CaOODSP
00520210615103323
007ta
008150406|2008||||xxc|||||     f|0| 0 eng|d
022 |a0706-6457
040 |aCaOODSP|beng
043 |an-cn---
0861 |aFs97-6/2806E
1101 |aCanada. |bDepartment of Fisheries and Oceans.
24510|aDistribution and abundance of juvenile salmonids and other fish species in the Courtenay River Estuary and Baynes Sound, 2001 / |cBy S.L. Hamilton ... [et al.].
260 |aNanaimo - British Columbia : |bFisheries and Oceans Canada |c2008.
300 |axxvii, 213p. : |bgraphs, maps, references, tables ; |c28 cm.
4901 |aCanadian technical report of fisheries and aquatic sciences|x0706-6457|v2806
500 |a"Fisheries and Oceans Canada Science Branch, Pacific Region Pacific Biological Station Nanaimo, British Columbia V9T 6N7".
546 |a(Résumé en français.)
563 |aCerlox
590 |a09-05|b2009-01-30
7201 |aHamilton, S. L.
7760#|tDistribution and abundance of juvenile salmonids and other fish species in the Courtenay River Estuary and Baynes Sound, 2001 / |w(CaOODSP)9.566976
830#0|aCanadian technical report of fisheries and aquatic sciences,|x0706-6457|v2806|w(CaOODSP)9.514691